Statistics for 刘德华《恭喜发财》歌词 Lyrics to "Gong Xi Fa Cai" by Andy Lau

Click here to take the quiz!

General Stats

  • This quiz has been taken 121 times
  • The average score is 37 of 58

Answer Stats

歌词% Correct
我恭喜你发财
90%
我恭喜你发财
90%
我恭喜你发财
90%
我恭喜你发财
90%
不好的请走开
87%
我恭喜你精彩
87%
不好的请走开
87%
不好的请走开
87%
不好的请走开
87%
我恭喜你精彩
85%
我恭喜你精彩
85%
我恭喜你精彩
85%
礼多人不怪
83%
礼多人不怪
83%
礼多人不怪
83%
礼多人不怪
83%
最好的请过来
81%
最好的请过来
81%
最好的请过来
81%
最好的请过来
81%
我祝
74%
我祝
74%
我祝
74%
我祝
74%
我祝
74%
我祝
74%
71%
71%
71%
71%
恭喜发财
64%
恭喜发财
64%
恭喜发财
64%
恭喜发财
64%
嫁一个好男孩
57%
两小口永远在一块
55%
满天下的女孩
54%
乐天替你消灾
51%
乐天替你消灾
51%
大摇大摆
49%
满天下的小孩
49%
大摇大摆
49%
三十六圈的比赛
48%
智商充满你脑袋
46%
三叔公的买卖
45%
聪明胜过秀才
44%
气不喘面容不改
44%
要喊得够豪迈
41%
要喊得够豪迈
41%
生意扬名四海
38%
尊敬的姑奶奶
37%
财运亨通住豪宅
32%
岁岁年年出人才
25%
跑得比那黑人更快
25%
在世界的舞台
25%
明天呀我们更厉害
24%
大家笑口常开
23%
用心把爱去灌溉
22%

Score Distribution

Percentile by Number Answered

Percent of People with Each Score

Your Score History

You have not taken this quiz